000 00278nam a2200121Ia 4500
008 190216s9999||||xx |||||||||||||| ||und||
100 _aPillai N N
245 0 _aAdyarathri
260 _bNational Book Stall
_c1971
300 _a107p
650 _aMalayalam Nadakam
942 _cBK
999 _c26116
_d26116